[Event "Gothenburg op"]
[Site "Gothenburg"]
[Date "2023.08.11"]
[Round "4"]
[White "Granath, Andreas"]
[Black "Havner, Arvid"]
[Result "1-0"]
[WhiteElo "1673"]
[BlackElo "1825"]
[PlyCount "92"]
[EventDate "2023.08.11"]
[EventType "swiss"]
[EventRounds "8"]
[EventCountry "SWE"]
[SourceTitle "CBM 215 Extra"]
[Source "ChessBase"]
[SourceDate "2023.09.30"]
[SourceVersion "1"]
[SourceVersionDate "2023.09.30"]
[SourceQuality "1"]

1. d4 Nf6 2. c4 e6 3. g3 d5 4. Bg2 Bb4+ 5. Nd2 0-0 6. Ngf3 dxc4 7. 0-0 b5 8. Ne5 Nd5 9. a3 Bd6 10. a4 Bb7 11. axb5 Bxe5 12. dxe5 c3 13. Nc4 Nd7 14. f4 N7b6 15. Na5 c2 16. Qxc2 Nb4 17. Qc5 Bxg2 18. Kxg2 Qd5+ 19. Qxd5 N6xd5 20. Bd2 Nc2 21. Rac1 Nce3+ 22. Kf2 Nxf1 23. Kxf1 Rab8 24. e4 Ne7 25. Rxc7 Rfe8 26. Nb7 Nc8 27. Bb4 h6 28. Nd6 Nxd6 29. exd6 Rxb5 30. d7 Rd8 31. Be7 Rxd7 32. Rxd7 Rxb2 33. Rxa7 Rxh2 34. Bd6 g5 35. Ra8+ Kg7 36. Be5+ Kg6 37. g4 gxf4 38. Rg8+ Kh7 39. Rg7+ Kh8 40. Rxf7+ Kg8 41. Rxf4 h5 42. Kg1 Rh4 43. g5 Rg4+ 44. Rxg4 hxg4 45. Kg2 Kf7 46. Kg3 Ke8 1-0